<?xml version="1.0" encoding="UTF-8"?><?xml-stylesheet type="text/xsl" href="static/style.xsl"?><OAI-PMH xmlns="http://www.openarchives.org/OAI/2.0/" xmlns:xsi="http://www.w3.org/2001/XMLSchema-instance" xsi:schemaLocation="http://www.openarchives.org/OAI/2.0/ http://www.openarchives.org/OAI/2.0/OAI-PMH.xsd"><responseDate>2026-06-07T05:25:57Z</responseDate><request verb="GetRecord" identifier="oai:riuma.uma.es:10630/29520" metadataPrefix="marc">https://riuma.uma.es/rest/oai/request</request><GetRecord><record><header><identifier>oai:riuma.uma.es:10630/29520</identifier><datestamp>2026-02-03T11:34:45Z</datestamp><setSpec>com_10630_2254</setSpec><setSpec>col_10630_37953</setSpec></header><metadata><record xmlns="http://www.loc.gov/MARC21/slim" xmlns:dcterms="http://purl.org/dc/terms/" xmlns:doc="http://www.lyncode.com/xoai" xmlns:xsi="http://www.w3.org/2001/XMLSchema-instance" xsi:schemaLocation="http://www.loc.gov/MARC21/slim http://www.loc.gov/standards/marcxml/schema/MARC21slim.xsd">
   <leader>00925njm 22002777a 4500</leader>
   <datafield ind2=" " ind1=" " tag="042">
      <subfield code="a">dc</subfield>
   </datafield>
   <datafield ind2=" " ind1=" " tag="720">
      <subfield code="a">Baena-Martínez, Eduardo</subfield>
      <subfield code="e">author</subfield>
   </datafield>
   <datafield ind2=" " ind1=" " tag="720">
      <subfield code="a">Fortes-Rodríguez, Sergio</subfield>
      <subfield code="e">author</subfield>
   </datafield>
   <datafield ind2=" " ind1=" " tag="720">
      <subfield code="a">Muro, Francisco</subfield>
      <subfield code="e">author</subfield>
   </datafield>
   <datafield ind2=" " ind1=" " tag="720">
      <subfield code="a">Baena, Carlos</subfield>
      <subfield code="e">author</subfield>
   </datafield>
   <datafield ind2=" " ind1=" " tag="720">
      <subfield code="a">Barco-Moreno, Raquel</subfield>
      <subfield code="e">author</subfield>
   </datafield>
   <datafield ind2=" " ind1=" " tag="260">
      <subfield code="c">2023-08-29</subfield>
   </datafield>
   <datafield ind2=" " ind1=" " tag="520">
      <subfield code="a">The management of cellular networks, particularly within the environment rapidly advancing&#xd;
to 6G, presents considerable challenges due to the highly dynamic radio environment. Traditional&#xd;
tools such as Radio Environment Maps (REMs) have proven inadequate for real-time network&#xd;
changes, underlining the need for more sophisticated solutions. In response to these challenges, this&#xd;
work introduces a novel approach that harnesses the unprecedented power of state-of-the-art image&#xd;
classifiers for network management. This method involves the generation of Network Synthetic&#xd;
Images (NSIs), which are enriched heat maps that precisely reflect varying cellular network operating&#xd;
states. Created from user location traces linked with Key Performance Indicators (KPIs), NSIs are&#xd;
strategically designed to meet the intricate demands of 6G networks. This research delves deep&#xd;
into a comprehensive analysis of the diverse factors that could potentially impact the successful&#xd;
application of this methodology in the realm of 6G. The results from this investigation, coupled with&#xd;
a comparative assessment against traditional REM usage, emphasize the superior performance of this&#xd;
innovative method. Additionally, a case study involving an automatic network diagnosis scenario&#xd;
validates the effectiveness of this approach. The findings reveal that a generic Convolutional Neural&#xd;
Network (CNN), one of the most powerful tools in the arsenal of modern image classifiers, delivers&#xd;
enhanced performance, even with a reduced demand for positioning accuracy. This contributes&#xd;
significantly to the real-time, robust management of cellular networks as we transition into the era&#xd;
of 6G.</subfield>
   </datafield>
   <datafield ind1="8" ind2=" " tag="024">
      <subfield code="a">Baena, E., Fortes, S., Muro, F., Baena, C., &amp; Barco, R. (2023). Beyond REM: a new approach to the use of image classifiers for the management of 6G networks. Sensors, 23(17), 7494. https://doi.org/10.3390/s23177494https://doi.org/10.3390/s23177494</subfield>
   </datafield>
   <datafield ind1="8" ind2=" " tag="024">
      <subfield code="a">https://hdl.handle.net/10630/29520</subfield>
   </datafield>
   <datafield ind1="8" ind2=" " tag="024">
      <subfield code="a">10.3390/s23177494</subfield>
   </datafield>
   <datafield tag="653" ind2=" " ind1=" ">
      <subfield code="a">Sistemas de telecomunicaciones</subfield>
   </datafield>
   <datafield tag="653" ind2=" " ind1=" ">
      <subfield code="a">Imágenes - Transmisión</subfield>
   </datafield>
   <datafield ind2="0" ind1="0" tag="245">
      <subfield code="a">Beyond REM: A New Approach to the Use of Image Classifiers for the Management of 6G Networks</subfield>
   </datafield>
</record>
</metadata></record></GetRecord></OAI-PMH>